000 01087cam a2200205 4500500
005 20251228142515.0
041 _afre
042 _adc
100 1 0 _aHaddad rayan
_eauthor
700 1 0 _aZaiotti, Ruben
_eauthor
700 1 0 _aWolff, Sarah
_eauthor
700 1 0 _aJeandesboz, Julien
_eauthor
700 1 0 _aCahn, Olivier
_eauthor
700 1 0 _aBalzacq, Thierry
_eauthor
700 1 0 _aPérier, Miriam
_eauthor
245 0 0 _aConstruire le voisin : Pratiques européennes
260 _bL'Harmattan,
_c2007.
520 _aLancée en 2003, la Politique de voisinage, devenue l’axe majeur des relations extérieures de l’Union européenne, entend proposer une politique compréhensive qui articule les interactions commerciales aux échanges sociaux et culturels. Ces contributions démontre cependant que, loin d’être construite avec les voisins, la politique européenne de voisinage semble imposer aux voisins les cadres cognitifs et normatifs de l’Union…
856 4 1 _uhttps://shs.cairn.info/construire-le-voisin--9782296034587?lang=fr&redirect-ssocas=7080
999 _c1608411
_d1608411